Capitaines emblématiques de Premier League en images - Statistiques

Statistiques générales
  • Ce quiz a été pris 86 fois
  • Le résultat moyen est 11 sur 20
Statistiques - réponses
Par images Réponse % Correct
Hugo Lloris
99%
Steven Gerrard
95%
John Terry
94%
Vincent Kompany
93%
Patrick Vieira
91%
Roy Keane
91%
Jordan Henderson
88%
Nemanja Vidic
80%
Alan Shearer
76%
James Ward-Prowse
58%
Troy Deeney
51%
Wes Morgan
49%
Mark Noble
44%
Phil Neville
29%
John O'Shea
25%
Tony Adams
25%
Ashley Williams
15%
Chris Brunt
4%
Dennis Wise
1%
Stiliyan Petrov
1%
Aucun quiz correspondant
Distribution des résultats
% des personnes avec chaque résultat
Percentile par nombre de réponses
Votre historique - résultats
Vous n’avez pas pris ce quiz